<?xml version="1.0" encoding="UTF-8"?>
<record
    xmlns:xsi="http://www.w3.org/2001/XMLSchema-instance"
    xsi:schemaLocation="http://www.loc.gov/MARC21/slim http://www.loc.gov/standards/marcxml/schema/MARC21slim.xsd"
    xmlns="http://www.loc.gov/MARC21/slim">

  <leader>00578nam a2200193   4500</leader>
  <controlfield tag="003">SEACOMEC</controlfield>
  <controlfield tag="005">20240905151902.0</controlfield>
  <controlfield tag="008">231004b        |||||||| |||| 00| 0 eng d</controlfield>
  <datafield tag="020" ind1=" " ind2=" ">
    <subfield code="c">210.00</subfield>
    <subfield code="a">978-0071393072</subfield>
  </datafield>
  <datafield tag="040" ind1=" " ind2=" ">
    <subfield code="a">SEACOMEC</subfield>
  </datafield>
  <datafield tag="082" ind1=" " ind2=" ">
    <subfield code="a">621.3192</subfield>
    <subfield code="b">N154</subfield>
  </datafield>
  <datafield tag="100" ind1="1" ind2=" ">
    <subfield code="a">Nahvi, Mahmood</subfield>
  </datafield>
  <datafield tag="245" ind1="1" ind2=" ">
    <subfield code="a">Electric circuits /</subfield>
    <subfield code="c"> Mahmood Nahvi, and Joseph A  Edminister  </subfield>
  </datafield>
  <datafield tag="250" ind1=" " ind2=" ">
    <subfield code="a">4th ed</subfield>
  </datafield>
  <datafield tag="260" ind1=" " ind2=" ">
    <subfield code="a">Delhi</subfield>
    <subfield code="b">TMH</subfield>
    <subfield code="c">2007</subfield>
  </datafield>
  <datafield tag="650" ind1=" " ind2=" ">
    <subfield code="a">Applied Physics</subfield>
  </datafield>
  <datafield tag="650" ind1=" " ind2=" ">
    <subfield code="a">Electrical, magnetic, optical, communications, computer engineering; electronics, lighting</subfield>
  </datafield>
  <datafield tag="942" ind1=" " ind2=" ">
    <subfield code="c">BOOK</subfield>
  </datafield>
  <datafield tag="952" ind1=" " ind2=" ">
    <subfield code="0">0</subfield>
    <subfield code="1">0</subfield>
    <subfield code="2">ddc</subfield>
    <subfield code="4">0</subfield>
    <subfield code="7">0</subfield>
    <subfield code="a">SEACOMEC</subfield>
    <subfield code="b">SEACOMEC</subfield>
    <subfield code="d">2007-08-16</subfield>
    <subfield code="l">0</subfield>
    <subfield code="o">621.3192 N154</subfield>
    <subfield code="p">7921</subfield>
    <subfield code="r">2024-08-26 13:23:17</subfield>
    <subfield code="w">2024-08-26</subfield>
    <subfield code="y">REF</subfield>
  </datafield>
  <datafield tag="952" ind1=" " ind2=" ">
    <subfield code="0">0</subfield>
    <subfield code="1">0</subfield>
    <subfield code="2">ddc</subfield>
    <subfield code="4">0</subfield>
    <subfield code="7">0</subfield>
    <subfield code="a">SEACOMEC</subfield>
    <subfield code="b">SEACOMEC</subfield>
    <subfield code="d">2007-08-16</subfield>
    <subfield code="l">0</subfield>
    <subfield code="o">621.3192 N154</subfield>
    <subfield code="p">7922</subfield>
    <subfield code="r">2024-08-26 13:23:17</subfield>
    <subfield code="t">1</subfield>
    <subfield code="w">2024-08-26</subfield>
    <subfield code="y">BOOK</subfield>
  </datafield>
  <datafield tag="952" ind1=" " ind2=" ">
    <subfield code="0">0</subfield>
    <subfield code="1">0</subfield>
    <subfield code="2">ddc</subfield>
    <subfield code="4">0</subfield>
    <subfield code="7">0</subfield>
    <subfield code="a">SEACOMEC</subfield>
    <subfield code="b">SEACOMEC</subfield>
    <subfield code="d">2007-08-16</subfield>
    <subfield code="l">1</subfield>
    <subfield code="o">621.3192 N154</subfield>
    <subfield code="p">7923</subfield>
    <subfield code="q">2025-11-26</subfield>
    <subfield code="r">2025-11-12 10:43:22</subfield>
    <subfield code="s">2025-11-12</subfield>
    <subfield code="t">2</subfield>
    <subfield code="w">2024-08-26</subfield>
    <subfield code="y">BOOK</subfield>
  </datafield>
  <datafield tag="952" ind1=" " ind2=" ">
    <subfield code="0">0</subfield>
    <subfield code="1">0</subfield>
    <subfield code="2">ddc</subfield>
    <subfield code="4">0</subfield>
    <subfield code="7">0</subfield>
    <subfield code="a">SEACOMEC</subfield>
    <subfield code="b">SEACOMEC</subfield>
    <subfield code="d">2007-08-16</subfield>
    <subfield code="l">0</subfield>
    <subfield code="o">621.3192 N154</subfield>
    <subfield code="p">7924</subfield>
    <subfield code="r">2024-08-26 13:23:17</subfield>
    <subfield code="t">3</subfield>
    <subfield code="w">2024-08-26</subfield>
    <subfield code="y">BOOK</subfield>
  </datafield>
  <datafield tag="952" ind1=" " ind2=" ">
    <subfield code="0">0</subfield>
    <subfield code="1">0</subfield>
    <subfield code="2">ddc</subfield>
    <subfield code="4">0</subfield>
    <subfield code="7">0</subfield>
    <subfield code="a">SEACOMEC</subfield>
    <subfield code="b">SEACOMEC</subfield>
    <subfield code="d">2007-08-16</subfield>
    <subfield code="l">0</subfield>
    <subfield code="o">621.3192 N154</subfield>
    <subfield code="p">7925</subfield>
    <subfield code="r">2024-08-26 13:23:17</subfield>
    <subfield code="t">4</subfield>
    <subfield code="w">2024-08-26</subfield>
    <subfield code="y">BOOK</subfield>
  </datafield>
  <datafield tag="952" ind1=" " ind2=" ">
    <subfield code="0">0</subfield>
    <subfield code="1">0</subfield>
    <subfield code="2">ddc</subfield>
    <subfield code="4">0</subfield>
    <subfield code="7">0</subfield>
    <subfield code="a">SEACOMEC</subfield>
    <subfield code="b">SEACOMEC</subfield>
    <subfield code="d">2007-08-16</subfield>
    <subfield code="l">0</subfield>
    <subfield code="o">621.3192 N154</subfield>
    <subfield code="p">7926</subfield>
    <subfield code="r">2024-08-26 13:23:17</subfield>
    <subfield code="t">5</subfield>
    <subfield code="w">2024-08-26</subfield>
    <subfield code="y">BOOK</subfield>
  </datafield>
  <datafield tag="952" ind1=" " ind2=" ">
    <subfield code="0">0</subfield>
    <subfield code="1">0</subfield>
    <subfield code="2">ddc</subfield>
    <subfield code="4">0</subfield>
    <subfield code="7">0</subfield>
    <subfield code="a">SEACOMEC</subfield>
    <subfield code="b">SEACOMEC</subfield>
    <subfield code="d">2007-08-16</subfield>
    <subfield code="l">0</subfield>
    <subfield code="o">621.3192 N154</subfield>
    <subfield code="p">7927</subfield>
    <subfield code="r">2024-08-26 13:23:17</subfield>
    <subfield code="t">6</subfield>
    <subfield code="w">2024-08-26</subfield>
    <subfield code="y">BOOK</subfield>
  </datafield>
  <datafield tag="952" ind1=" " ind2=" ">
    <subfield code="0">0</subfield>
    <subfield code="1">0</subfield>
    <subfield code="2">ddc</subfield>
    <subfield code="4">0</subfield>
    <subfield code="7">0</subfield>
    <subfield code="a">SEACOMEC</subfield>
    <subfield code="b">SEACOMEC</subfield>
    <subfield code="d">2007-08-16</subfield>
    <subfield code="l">0</subfield>
    <subfield code="o">621.3192 N154</subfield>
    <subfield code="p">7928</subfield>
    <subfield code="r">2024-08-26 13:23:17</subfield>
    <subfield code="t">7</subfield>
    <subfield code="w">2024-08-26</subfield>
    <subfield code="y">BOOK</subfield>
  </datafield>
  <datafield tag="952" ind1=" " ind2=" ">
    <subfield code="0">0</subfield>
    <subfield code="1">0</subfield>
    <subfield code="2">ddc</subfield>
    <subfield code="4">0</subfield>
    <subfield code="7">0</subfield>
    <subfield code="a">SEACOMEC</subfield>
    <subfield code="b">SEACOMEC</subfield>
    <subfield code="d">2007-08-16</subfield>
    <subfield code="l">0</subfield>
    <subfield code="o">621.3192 N154</subfield>
    <subfield code="p">7929</subfield>
    <subfield code="r">2024-08-26 13:23:17</subfield>
    <subfield code="t">8</subfield>
    <subfield code="w">2024-08-26</subfield>
    <subfield code="y">BOOK</subfield>
  </datafield>
  <datafield tag="952" ind1=" " ind2=" ">
    <subfield code="0">0</subfield>
    <subfield code="1">0</subfield>
    <subfield code="2">ddc</subfield>
    <subfield code="4">0</subfield>
    <subfield code="7">0</subfield>
    <subfield code="a">SEACOMEC</subfield>
    <subfield code="b">SEACOMEC</subfield>
    <subfield code="d">2007-08-16</subfield>
    <subfield code="l">0</subfield>
    <subfield code="o">621.3192 N154</subfield>
    <subfield code="p">7930</subfield>
    <subfield code="r">2024-08-26 13:23:17</subfield>
    <subfield code="t">9</subfield>
    <subfield code="w">2024-08-26</subfield>
    <subfield code="y">BOOK</subfield>
  </datafield>
  <datafield tag="952" ind1=" " ind2=" ">
    <subfield code="0">0</subfield>
    <subfield code="1">0</subfield>
    <subfield code="2">ddc</subfield>
    <subfield code="4">0</subfield>
    <subfield code="7">0</subfield>
    <subfield code="a">SEACOMEC</subfield>
    <subfield code="b">SEACOMEC</subfield>
    <subfield code="d">2007-08-16</subfield>
    <subfield code="g">210.00</subfield>
    <subfield code="l">0</subfield>
    <subfield code="o">621.3192 N154</subfield>
    <subfield code="p">7949</subfield>
    <subfield code="r">2024-08-26 13:38:47</subfield>
    <subfield code="t">10</subfield>
    <subfield code="w">2024-08-26</subfield>
    <subfield code="y">BOOK</subfield>
  </datafield>
  <datafield tag="952" ind1=" " ind2=" ">
    <subfield code="0">0</subfield>
    <subfield code="1">0</subfield>
    <subfield code="2">ddc</subfield>
    <subfield code="4">0</subfield>
    <subfield code="7">0</subfield>
    <subfield code="a">SEACOMEC</subfield>
    <subfield code="b">SEACOMEC</subfield>
    <subfield code="d">2007-08-16</subfield>
    <subfield code="g">210.00</subfield>
    <subfield code="l">0</subfield>
    <subfield code="o">621.3192 N154</subfield>
    <subfield code="p">7950</subfield>
    <subfield code="r">2024-08-26 13:38:47</subfield>
    <subfield code="t">11</subfield>
    <subfield code="w">2024-08-26</subfield>
    <subfield code="y">BOOK</subfield>
  </datafield>
  <datafield tag="952" ind1=" " ind2=" ">
    <subfield code="0">0</subfield>
    <subfield code="1">0</subfield>
    <subfield code="2">ddc</subfield>
    <subfield code="4">0</subfield>
    <subfield code="7">0</subfield>
    <subfield code="a">SEACOMEC</subfield>
    <subfield code="b">SEACOMEC</subfield>
    <subfield code="d">2007-08-16</subfield>
    <subfield code="g">210.00</subfield>
    <subfield code="l">0</subfield>
    <subfield code="o">621.3192 N154</subfield>
    <subfield code="p">7951</subfield>
    <subfield code="r">2024-08-26 13:38:47</subfield>
    <subfield code="t">12</subfield>
    <subfield code="w">2024-08-26</subfield>
    <subfield code="y">BOOK</subfield>
  </datafield>
  <datafield tag="952" ind1=" " ind2=" ">
    <subfield code="0">0</subfield>
    <subfield code="1">0</subfield>
    <subfield code="2">ddc</subfield>
    <subfield code="4">0</subfield>
    <subfield code="7">0</subfield>
    <subfield code="a">SEACOMEC</subfield>
    <subfield code="b">SEACOMEC</subfield>
    <subfield code="d">2007-08-16</subfield>
    <subfield code="g">210.00</subfield>
    <subfield code="l">0</subfield>
    <subfield code="o">621.3192 N154</subfield>
    <subfield code="p">7952</subfield>
    <subfield code="r">2024-08-26 13:38:47</subfield>
    <subfield code="t">13</subfield>
    <subfield code="w">2024-08-26</subfield>
    <subfield code="y">BOOK</subfield>
  </datafield>
  <datafield tag="952" ind1=" " ind2=" ">
    <subfield code="0">0</subfield>
    <subfield code="1">0</subfield>
    <subfield code="2">ddc</subfield>
    <subfield code="4">0</subfield>
    <subfield code="7">0</subfield>
    <subfield code="a">SEACOMEC</subfield>
    <subfield code="b">SEACOMEC</subfield>
    <subfield code="d">2007-08-16</subfield>
    <subfield code="g">210.00</subfield>
    <subfield code="l">0</subfield>
    <subfield code="o">621.3192 N154</subfield>
    <subfield code="p">7953</subfield>
    <subfield code="r">2024-08-26 13:38:47</subfield>
    <subfield code="t">14</subfield>
    <subfield code="w">2024-08-26</subfield>
    <subfield code="y">BOOK</subfield>
  </datafield>
  <datafield tag="952" ind1=" " ind2=" ">
    <subfield code="0">0</subfield>
    <subfield code="1">0</subfield>
    <subfield code="2">ddc</subfield>
    <subfield code="4">0</subfield>
    <subfield code="7">0</subfield>
    <subfield code="a">SEACOMEC</subfield>
    <subfield code="b">SEACOMEC</subfield>
    <subfield code="d">2007-08-16</subfield>
    <subfield code="g">210.00</subfield>
    <subfield code="l">0</subfield>
    <subfield code="o">621.3192 N154</subfield>
    <subfield code="p">7954</subfield>
    <subfield code="r">2024-08-26 13:38:47</subfield>
    <subfield code="t">15</subfield>
    <subfield code="w">2024-08-26</subfield>
    <subfield code="y">BOOK</subfield>
  </datafield>
  <datafield tag="952" ind1=" " ind2=" ">
    <subfield code="0">0</subfield>
    <subfield code="1">0</subfield>
    <subfield code="2">ddc</subfield>
    <subfield code="4">0</subfield>
    <subfield code="7">0</subfield>
    <subfield code="a">SEACOMEC</subfield>
    <subfield code="b">SEACOMEC</subfield>
    <subfield code="d">2007-08-16</subfield>
    <subfield code="g">210.00</subfield>
    <subfield code="l">0</subfield>
    <subfield code="o">621.3192 N154</subfield>
    <subfield code="p">7955</subfield>
    <subfield code="r">2024-08-26 13:38:47</subfield>
    <subfield code="t">16</subfield>
    <subfield code="w">2024-08-26</subfield>
    <subfield code="y">BOOK</subfield>
  </datafield>
  <datafield tag="952" ind1=" " ind2=" ">
    <subfield code="0">0</subfield>
    <subfield code="1">0</subfield>
    <subfield code="2">ddc</subfield>
    <subfield code="4">0</subfield>
    <subfield code="7">0</subfield>
    <subfield code="a">SEACOMEC</subfield>
    <subfield code="b">SEACOMEC</subfield>
    <subfield code="d">2007-08-16</subfield>
    <subfield code="g">210.00</subfield>
    <subfield code="l">0</subfield>
    <subfield code="o">621.3192 N154</subfield>
    <subfield code="p">7956</subfield>
    <subfield code="r">2024-08-26 13:38:47</subfield>
    <subfield code="t">17</subfield>
    <subfield code="w">2024-08-26</subfield>
    <subfield code="y">BOOK</subfield>
  </datafield>
  <datafield tag="952" ind1=" " ind2=" ">
    <subfield code="0">0</subfield>
    <subfield code="1">0</subfield>
    <subfield code="2">ddc</subfield>
    <subfield code="4">0</subfield>
    <subfield code="7">0</subfield>
    <subfield code="a">SEACOMEC</subfield>
    <subfield code="b">SEACOMEC</subfield>
    <subfield code="d">2007-08-16</subfield>
    <subfield code="g">210.00</subfield>
    <subfield code="l">0</subfield>
    <subfield code="o">621.3192 N154</subfield>
    <subfield code="p">7957</subfield>
    <subfield code="r">2024-08-26 13:38:47</subfield>
    <subfield code="t">18</subfield>
    <subfield code="w">2024-08-26</subfield>
    <subfield code="y">BOOK</subfield>
  </datafield>
  <datafield tag="952" ind1=" " ind2=" ">
    <subfield code="0">0</subfield>
    <subfield code="1">0</subfield>
    <subfield code="2">ddc</subfield>
    <subfield code="4">0</subfield>
    <subfield code="7">0</subfield>
    <subfield code="a">SEACOMEC</subfield>
    <subfield code="b">SEACOMEC</subfield>
    <subfield code="d">2007-08-16</subfield>
    <subfield code="g">210.00</subfield>
    <subfield code="l">1</subfield>
    <subfield code="o">621.3192 N154</subfield>
    <subfield code="p">7958</subfield>
    <subfield code="q">2025-11-26</subfield>
    <subfield code="r">2025-11-12 10:45:05</subfield>
    <subfield code="s">2025-11-12</subfield>
    <subfield code="t">19</subfield>
    <subfield code="w">2024-08-26</subfield>
    <subfield code="y">BOOK</subfield>
  </datafield>
  <datafield tag="999" ind1=" " ind2=" ">
    <subfield code="c">1639</subfield>
    <subfield code="d">1639</subfield>
  </datafield>
</record>
